| 000 | 00317nam a22001217a 4500 | ||
|---|---|---|---|
| 999 |
_c2899 _d2899 |
||
| 005 | 20200925105139.0 | ||
| 008 | 200925b ||||| |||| 00| 0 eng d | ||
| 020 | _a5346 | ||
| 040 | _cCML | ||
| 245 |
_aThe Proving Flight. _cBeaty, D. |
||
| 260 |
_aLondon _bSecker and Warburg _c1956 |
||
| 942 |
_2ddc _cBK _e1st Edition _kF _mBEA |
||